| 000 | 00546nmm a2200169Ia 4500 | ||
|---|---|---|---|
| 008 | 251105s9999||||xx |||||||||||||||||und|| | ||
| 020 | _a9788484895824 | ||
| 041 | _aspa | ||
| 100 | _aCalvo Pérez, Julio | ||
| 245 | 0 | _aLa fundación de la Semántica: los espines léxicos como un universal del lenguaje | |
| 264 |
_a[Madrid, España] : _bIberoamericana Vervuert, _c2011 |
||
| 300 | _a268 páginas | ||
| 490 | _aLingüística Iberoamericana | ||
| 650 | _aLexicology | ||
| 856 | _uhttps://public.digitaliapublishing.com/a/18343 | ||
| 942 | _cCF | ||
| 999 |
_c86677 _d86677 |
||